| 000 | 007490000a22001810004500 | ||
|---|---|---|---|
| 003 | MACL | ||
| 005 | 20160607121029.0 | ||
| 008 | 160607b xxu||||| |||| 00| 0 eng d | ||
| 040 |
_aMACL _cMACL |
||
| 041 | _aHindi | ||
| 082 | _a920 | ||
| 100 |
_aशर्मा, विष्णुचंद्र _952268 |
||
| 245 |
_aसमय साम्यवादी _bभाग 2 महान दार्शनिक लेखक और घुमक्कड राहुल सांकृत्यायन की जीवनी _cविष्णुचंद्र शर्मा |
||
| 260 |
_bसंवाद प्रकाशन _c2006 _aमेरठ |
||
| 350 | _a350 | ||
| 650 |
_aBiography _962553 |
||
| 942 |
_cHIN _k920/SHA _2ddc |
||
| 999 |
_c11891 _d11891 |
||